<?xml version="1.0" encoding="UTF-8"?>
<record
    xmlns:xsi="http://www.w3.org/2001/XMLSchema-instance"
    xsi:schemaLocation="http://www.loc.gov/MARC21/slim http://www.loc.gov/standards/marcxml/schema/MARC21slim.xsd"
    xmlns="http://www.loc.gov/MARC21/slim">

  <leader>03462namaa2200565   4500</leader>
  <controlfield tag="001">32740</controlfield>
  <controlfield tag="003">AR-RoBPED</controlfield>
  <controlfield tag="005">20260512180230.0</controlfield>
  <controlfield tag="008">260511s19391951ag|abdo| |||| 001 0 spa |</controlfield>
  <datafield tag="040" ind1=" " ind2=" ">
    <subfield code="a">AR-RoBPED</subfield>
  </datafield>
  <datafield tag="041" ind1=" " ind2=" ">
    <subfield code="a">spa</subfield>
  </datafield>
  <datafield tag="100" ind1="1" ind2=" ">
    <subfield code="a">Levene, Ricardo</subfield>
    <subfield code="d">1885-1959</subfield>
    <subfield code="9">4912</subfield>
    <subfield code="e">Dir.</subfield>
  </datafield>
  <datafield tag="110" ind1="1" ind2=" ">
    <subfield code="a">Academia Nacional de la Historia (Buenos Aires)</subfield>
    <subfield code="9">12146</subfield>
  </datafield>
  <datafield tag="245" ind1="1" ind2="0">
    <subfield code="a">Historia de la Naci&#xF3;n Argentina (desde lo or&#xED;genes hasta la organizaci&#xF3;n definitiva en 1862) /  </subfield>
    <subfield code="c">Direcci&#xF3;n de Ricardo levene, Academia Nacional de la Historia</subfield>
  </datafield>
  <datafield tag="260" ind1=" " ind2=" ">
    <subfield code="a">Buenos Aires : </subfield>
    <subfield code="b">El Ateneo, </subfield>
    <subfield code="c">1939-1951.</subfield>
  </datafield>
  <datafield tag="300" ind1=" " ind2=" ">
    <subfield code="a">10 t. en 14 v.</subfield>
  </datafield>
  <datafield tag="505" ind1="0" ind2=" ">
    <subfield code="a">v.1: Tiempos prehist&#xF3;ricos y protohist&#xF3;ricos.</subfield>
  </datafield>
  <datafield tag="505" ind1="0" ind2=" ">
    <subfield code="a">Primera parte : El hombre prehist&#xF3;rico.</subfield>
  </datafield>
  <datafield tag="505" ind1="0" ind2=" ">
    <subfield code="a">Segunda parte: Los abor&#xED;genes prehisp&#xE1;nicos e hist&#xF3;ricos.</subfield>
  </datafield>
  <datafield tag="505" ind1="0" ind2=" ">
    <subfield code="a">v.2: Europa y Espa&#xF1;a y el momento hist&#xF3;rico de los descubrimientos.</subfield>
  </datafield>
  <datafield tag="505" ind1="0" ind2=" ">
    <subfield code="a">Primera parte: Europa y Espa&#xF1;a en los siglos XV y XVI.</subfield>
  </datafield>
  <datafield tag="505" ind1="0" ind2=" ">
    <subfield code="a">Segunda parte: El momento hist&#xF3;rico de los descubrimientos.</subfield>
  </datafield>
  <datafield tag="505" ind1="0" ind2=" ">
    <subfield code="a">v.3: Colonizaci&#xF3;n y organizaci&#xF3;n de Hispano-Am&#xE9;rica. Adelantados y gobernadores del R&#xED;o de la Plata.</subfield>
  </datafield>
  <datafield tag="505" ind1="0" ind2=" ">
    <subfield code="a">Primera parte: Organizaci&#xF3;n institucional en Hispano-Am&#xE9;rica.</subfield>
  </datafield>
  <datafield tag="505" ind1="0" ind2=" ">
    <subfield code="a">Segunda parte: Adelantados y gobernadores del R&#xED;o de la Plata.</subfield>
  </datafield>
  <datafield tag="505" ind1="0" ind2=" ">
    <subfield code="a">v.4: El momento hist&#xF3;rico del Virreinato del R&#xED;o de La Plata.</subfield>
  </datafield>
  <datafield tag="505" ind1="0" ind2=" ">
    <subfield code="a">Primera secci&#xF3;n: primera parte: Historia pol&#xED;tica y econ&#xF3;mica.</subfield>
  </datafield>
  <datafield tag="505" ind1="0" ind2=" ">
    <subfield code="a">Primera secci&#xF3;n: segunda parte: Historia social.</subfield>
  </datafield>
  <datafield tag="505" ind1="0" ind2=" ">
    <subfield code="a">Segunda secci&#xF3;n: primera parte: Historia de la cultura.</subfield>
  </datafield>
  <datafield tag="505" ind1="0" ind2=" ">
    <subfield code="a">Segunda secci&#xF3;n: segunda parte: Historia militar.</subfield>
  </datafield>
  <datafield tag="505" ind1="0" ind2=" ">
    <subfield code="a">Segunda secci&#xF3;n: tercera parte: Historia religiosa.</subfield>
  </datafield>
  <datafield tag="505" ind1="0" ind2=" ">
    <subfield code="a">v.5: La Revoluci&#xF3;n de Mayo hasta la Asamblea General Constituyente.</subfield>
  </datafield>
  <datafield tag="505" ind1="0" ind2=" ">
    <subfield code="a">Primera parte: Proceso de la Revoluci&#xF3;n Americana, particularmente Hispano-Americana y Argentina.</subfield>
  </datafield>
  <datafield tag="505" ind1="0" ind2=" ">
    <subfield code="a">Segunda parte: La Revoluci&#xF3;n de Mayo.</subfield>
  </datafield>
  <datafield tag="505" ind1="0" ind2=" ">
    <subfield code="a">v.6: La Independencia y la Organizaci&#xF3;n pol&#xED;tica (desde la Asamblea General Constituyente hasta el primer gobierno de Rosas en 1829).</subfield>
  </datafield>
  <datafield tag="505" ind1="0" ind2=" ">
    <subfield code="a">Primera parte: La Asamblea General Constituyente, El Congreso de Tucum&#xE1;n y el Directorio.</subfield>
  </datafield>
  <datafield tag="505" ind1="0" ind2=" ">
    <subfield code="a">Segunda parte: La anarqu&#xED;a de 1820 y el r&#xE9;gimen de unidad.</subfield>
  </datafield>
  <datafield tag="505" ind1="0" ind2=" ">
    <subfield code="a">Tercera parte: El Congreso Nacional (1824-1827).</subfield>
  </datafield>
  <datafield tag="505" ind1="0" ind2=" ">
    <subfield code="a">Cuarta parte: Historia institucional.</subfield>
  </datafield>
  <datafield tag="505" ind1="0" ind2=" ">
    <subfield code="a">v.7: Rosas y su &#xE9;poca.</subfield>
  </datafield>
  <datafield tag="505" ind1="0" ind2=" ">
    <subfield code="a">v.8: La Confederaci&#xF3;n y Buenos Aires hasta la organizaci&#xF3;n definitiva de la Naci&#xF3;n en 1862.</subfield>
  </datafield>
  <datafield tag="505" ind1="0" ind2=" ">
    <subfield code="a">v.9: Historia de las Provincias: formaci&#xF3;n de las provincias y territorios nacionales, y su historia geogr&#xE1;fica, econ&#xF3;mica, institucional y cultural desde la Revoluci&#xF3;n de Mayo hasta la organizaci&#xF3;n definitiva de la Naci&#xF3;n (1862).</subfield>
  </datafield>
  <datafield tag="505" ind1="0" ind2=" ">
    <subfield code="a">v.10: Historia de las Provincias: formaci&#xF3;n de las provincias y territorios nacionales, y su historia geogr&#xE1;fica, econ&#xF3;mica, institucional y cultural desde la Revoluci&#xF3;n de Mayo hasta la organizaci&#xF3;n definitiva de la Naci&#xF3;n (1862).</subfield>
  </datafield>
  <datafield tag="650" ind1=" " ind2="4">
    <subfield code="a">HISTORIA ARGENTINA </subfield>
    <subfield code="9">19648</subfield>
  </datafield>
  <datafield tag="650" ind1=" " ind2="4">
    <subfield code="a">CULTURA INDIGENA</subfield>
    <subfield code="9">30918</subfield>
  </datafield>
  <datafield tag="650" ind1=" " ind2="4">
    <subfield code="a">PUEBLOS INDIGENAS</subfield>
    <subfield code="9">30919</subfield>
  </datafield>
  <datafield tag="650" ind1=" " ind2="4">
    <subfield code="a">PREHISTORIA</subfield>
    <subfield code="9">726</subfield>
  </datafield>
  <datafield tag="942" ind1=" " ind2=" ">
    <subfield code="2">udc</subfield>
    <subfield code="a">k. 32740</subfield>
    <subfield code="c">BK</subfield>
    <subfield code="h">982</subfield>
    <subfield code="k">D</subfield>
    <subfield code="m">Le 54</subfield>
    <subfield code="p">12649-12650-12626-12627-12631-12648-12651-12628-12629-12656-12657-12652-12632-12633</subfield>
  </datafield>
  <datafield tag="945" ind1=" " ind2=" ">
    <subfield code="a">ag 11/05/2026</subfield>
  </datafield>
  <datafield tag="952" ind1=" " ind2=" ">
    <subfield code="0">0</subfield>
    <subfield code="1">0</subfield>
    <subfield code="2">udc</subfield>
    <subfield code="4">0</subfield>
    <subfield code="7">1</subfield>
    <subfield code="a">BPED</subfield>
    <subfield code="b">BPED</subfield>
    <subfield code="d">1976-09-01</subfield>
    <subfield code="l">0</subfield>
    <subfield code="o">D 982 Le 54  t.1</subfield>
    <subfield code="p">12649</subfield>
    <subfield code="r">2026-05-11 17:27:46</subfield>
    <subfield code="w">2026-05-11</subfield>
    <subfield code="y">BK</subfield>
    <subfield code="z">No se presta a domicilio</subfield>
  </datafield>
  <datafield tag="952" ind1=" " ind2=" ">
    <subfield code="0">0</subfield>
    <subfield code="1">0</subfield>
    <subfield code="2">udc</subfield>
    <subfield code="4">0</subfield>
    <subfield code="7">1</subfield>
    <subfield code="a">BPED</subfield>
    <subfield code="b">BPED</subfield>
    <subfield code="d">1976-09-01</subfield>
    <subfield code="l">0</subfield>
    <subfield code="o">D 982 Le 54  t.2</subfield>
    <subfield code="p">12650</subfield>
    <subfield code="r">2026-05-12 17:43:59</subfield>
    <subfield code="w">2026-05-12</subfield>
    <subfield code="y">BK</subfield>
    <subfield code="z">No se presta a domicilio</subfield>
  </datafield>
  <datafield tag="952" ind1=" " ind2=" ">
    <subfield code="0">0</subfield>
    <subfield code="1">0</subfield>
    <subfield code="2">udc</subfield>
    <subfield code="4">0</subfield>
    <subfield code="7">1</subfield>
    <subfield code="a">BPED</subfield>
    <subfield code="b">BPED</subfield>
    <subfield code="d">1976-08-27</subfield>
    <subfield code="l">0</subfield>
    <subfield code="o">D 982 Le 54  t.3</subfield>
    <subfield code="p">12626</subfield>
    <subfield code="r">2026-05-12 17:44:48</subfield>
    <subfield code="w">2026-05-12</subfield>
    <subfield code="y">BK</subfield>
    <subfield code="z">No se presta a domicilio</subfield>
  </datafield>
  <datafield tag="952" ind1=" " ind2=" ">
    <subfield code="0">0</subfield>
    <subfield code="1">0</subfield>
    <subfield code="2">udc</subfield>
    <subfield code="4">0</subfield>
    <subfield code="7">1</subfield>
    <subfield code="a">BPED</subfield>
    <subfield code="b">BPED</subfield>
    <subfield code="d">1976-08-27</subfield>
    <subfield code="l">0</subfield>
    <subfield code="o">D 982 Le 54  t.4 1a sec.</subfield>
    <subfield code="p">12627</subfield>
    <subfield code="r">2026-05-12 17:48:11</subfield>
    <subfield code="w">2026-05-12</subfield>
    <subfield code="y">BK</subfield>
    <subfield code="z">No se presta a domicilio</subfield>
  </datafield>
  <datafield tag="952" ind1=" " ind2=" ">
    <subfield code="0">0</subfield>
    <subfield code="1">0</subfield>
    <subfield code="2">udc</subfield>
    <subfield code="4">0</subfield>
    <subfield code="7">1</subfield>
    <subfield code="a">BPED</subfield>
    <subfield code="b">BPED</subfield>
    <subfield code="d">1976-08-27</subfield>
    <subfield code="l">0</subfield>
    <subfield code="o">D 982 Le 54  t.4 2a. sec.</subfield>
    <subfield code="p">12631</subfield>
    <subfield code="r">2026-05-12 17:51:51</subfield>
    <subfield code="w">2026-05-12</subfield>
    <subfield code="y">BK</subfield>
    <subfield code="z">No se presta a domicilio</subfield>
  </datafield>
  <datafield tag="952" ind1=" " ind2=" ">
    <subfield code="0">0</subfield>
    <subfield code="1">0</subfield>
    <subfield code="2">udc</subfield>
    <subfield code="4">0</subfield>
    <subfield code="7">1</subfield>
    <subfield code="a">BPED</subfield>
    <subfield code="b">BPED</subfield>
    <subfield code="d">1976-09-01</subfield>
    <subfield code="l">0</subfield>
    <subfield code="o">D 982 Le 54  t.5 1a sec.</subfield>
    <subfield code="p">12648</subfield>
    <subfield code="r">2026-05-12 17:52:55</subfield>
    <subfield code="w">2026-05-12</subfield>
    <subfield code="y">BK</subfield>
    <subfield code="z">No se presta a domicilio</subfield>
  </datafield>
  <datafield tag="952" ind1=" " ind2=" ">
    <subfield code="0">0</subfield>
    <subfield code="1">0</subfield>
    <subfield code="2">udc</subfield>
    <subfield code="4">0</subfield>
    <subfield code="7">1</subfield>
    <subfield code="a">BPED</subfield>
    <subfield code="b">BPED</subfield>
    <subfield code="d">1976-09-01</subfield>
    <subfield code="l">0</subfield>
    <subfield code="o">D 982 Le 54  t.5 2a sec.</subfield>
    <subfield code="p">12651</subfield>
    <subfield code="r">2026-05-12 17:54:12</subfield>
    <subfield code="w">2026-05-12</subfield>
    <subfield code="y">BK</subfield>
    <subfield code="z">No se presta a domicilio</subfield>
  </datafield>
  <datafield tag="952" ind1=" " ind2=" ">
    <subfield code="0">0</subfield>
    <subfield code="1">0</subfield>
    <subfield code="2">udc</subfield>
    <subfield code="4">0</subfield>
    <subfield code="7">1</subfield>
    <subfield code="a">BPED</subfield>
    <subfield code="b">BPED</subfield>
    <subfield code="d">1976-08-27</subfield>
    <subfield code="l">0</subfield>
    <subfield code="o">D 982 Le 54  t.6 1a sec. </subfield>
    <subfield code="p">12628</subfield>
    <subfield code="r">2026-05-12 17:55:04</subfield>
    <subfield code="w">2026-05-12</subfield>
    <subfield code="y">BK</subfield>
    <subfield code="z">No se presta a domicilio</subfield>
  </datafield>
  <datafield tag="952" ind1=" " ind2=" ">
    <subfield code="0">0</subfield>
    <subfield code="1">0</subfield>
    <subfield code="2">udc</subfield>
    <subfield code="4">0</subfield>
    <subfield code="7">1</subfield>
    <subfield code="a">BPED</subfield>
    <subfield code="b">BPED</subfield>
    <subfield code="d">1976-08-27</subfield>
    <subfield code="l">0</subfield>
    <subfield code="o">D 982 Le 54  t.6 2a sec.</subfield>
    <subfield code="p">12629</subfield>
    <subfield code="r">2026-05-12 17:55:48</subfield>
    <subfield code="w">2026-05-12</subfield>
    <subfield code="y">BK</subfield>
    <subfield code="z">No se presta a domicilio</subfield>
  </datafield>
  <datafield tag="952" ind1=" " ind2=" ">
    <subfield code="0">0</subfield>
    <subfield code="1">0</subfield>
    <subfield code="2">udc</subfield>
    <subfield code="4">0</subfield>
    <subfield code="7">1</subfield>
    <subfield code="a">BPED</subfield>
    <subfield code="b">BPED</subfield>
    <subfield code="d">1976-09-01</subfield>
    <subfield code="l">0</subfield>
    <subfield code="o">D 982 Le 54  t.7 1a sec. </subfield>
    <subfield code="p">12656</subfield>
    <subfield code="r">2026-05-12 17:56:48</subfield>
    <subfield code="w">2026-05-12</subfield>
    <subfield code="y">BK</subfield>
    <subfield code="z">No se presta a domicilio</subfield>
  </datafield>
  <datafield tag="952" ind1=" " ind2=" ">
    <subfield code="0">0</subfield>
    <subfield code="1">0</subfield>
    <subfield code="2">udc</subfield>
    <subfield code="4">0</subfield>
    <subfield code="7">1</subfield>
    <subfield code="a">BPED</subfield>
    <subfield code="b">BPED</subfield>
    <subfield code="d">1976-09-01</subfield>
    <subfield code="l">0</subfield>
    <subfield code="o">D 982 Le 54  t.7 2a. sec.</subfield>
    <subfield code="p">12657</subfield>
    <subfield code="r">2026-05-12 17:57:42</subfield>
    <subfield code="w">2026-05-12</subfield>
    <subfield code="y">BK</subfield>
    <subfield code="z">No se presta a domicilio</subfield>
  </datafield>
  <datafield tag="952" ind1=" " ind2=" ">
    <subfield code="0">0</subfield>
    <subfield code="1">0</subfield>
    <subfield code="2">udc</subfield>
    <subfield code="4">0</subfield>
    <subfield code="7">1</subfield>
    <subfield code="a">BPED</subfield>
    <subfield code="b">BPED</subfield>
    <subfield code="d">1976-09-01</subfield>
    <subfield code="l">0</subfield>
    <subfield code="o">D 982 Le 54  t.8</subfield>
    <subfield code="p">12652</subfield>
    <subfield code="r">2026-05-12 17:58:28</subfield>
    <subfield code="w">2026-05-12</subfield>
    <subfield code="y">BK</subfield>
    <subfield code="z">No se presta a domicilio</subfield>
  </datafield>
  <datafield tag="952" ind1=" " ind2=" ">
    <subfield code="0">0</subfield>
    <subfield code="1">0</subfield>
    <subfield code="2">udc</subfield>
    <subfield code="4">0</subfield>
    <subfield code="7">1</subfield>
    <subfield code="a">BPED</subfield>
    <subfield code="b">BPED</subfield>
    <subfield code="d">1976-08-27</subfield>
    <subfield code="l">0</subfield>
    <subfield code="o">D 982 Le 54  t.9</subfield>
    <subfield code="p">12632</subfield>
    <subfield code="r">2026-05-12 17:59:11</subfield>
    <subfield code="w">2026-05-12</subfield>
    <subfield code="y">BK</subfield>
    <subfield code="z">No se presta a domicilio</subfield>
  </datafield>
  <datafield tag="952" ind1=" " ind2=" ">
    <subfield code="0">0</subfield>
    <subfield code="1">0</subfield>
    <subfield code="2">udc</subfield>
    <subfield code="4">0</subfield>
    <subfield code="7">1</subfield>
    <subfield code="a">BPED</subfield>
    <subfield code="b">BPED</subfield>
    <subfield code="d">1976-08-27</subfield>
    <subfield code="l">0</subfield>
    <subfield code="o">D 982 Le 54  t. 10</subfield>
    <subfield code="p">12633</subfield>
    <subfield code="r">2026-05-12 17:59:53</subfield>
    <subfield code="w">2026-05-12</subfield>
    <subfield code="y">BK</subfield>
    <subfield code="z">No se presta a domicilio</subfield>
  </datafield>
  <datafield tag="999" ind1=" " ind2=" ">
    <subfield code="c">32740</subfield>
    <subfield code="d">32740</subfield>
  </datafield>
</record>
